00395 2200157 4500245004800000250001100048100001900059700001400078650001500092005001900107260004500126041001400171084001200185300003100197336000900228 aAda Apa dengan Riba ?cAmmi Nur BaitshText aCet. 1 aAmmi Nur Baits aAbu Abbas aHukum Riba a20241018124937 aJogjakartabPustaka Muamalah Jogjac2016 aIndonesia a297.273 axvi, 259 hlm :b20,3 cm. ; atext